Rozpoznaj piosenkę po fragmencie tekstu- Jacek Kaczmarski - Statystyki

Ogólne statystyki
  • Ten quiz został rozwiązany 16 razy
  • Średni wynik to 9 z 15
Statystyki odpowiedzi
Fragment Tytuł % Poprawnych
Wyrwij ____ zęby krat Mury
100%
Wszyscy są odpowiedzialniWszyscy mają w życiu cele Wszyscy w miarę są normalni Lecz niestety to niewiele Nasza klasa
93%
Skulony w jakiejś ciemnej jamie Smaczniem sobie spał I spały młode wilczki dwa Zupełnie ślepe jeszcze Obława
93%
Ściana pałacu słuch napinaGdy do kaleki mówi lew "Ja wierzę w szczerość słów Stalina Dba chyba o radziecką krew" Jałta
87%
Nie lubię gdy mi mówią po imieniuGdy w zdaniu jest co drugie słowo brat Nie lubię gdy mnie klepią po ramieniu Z uśmiechem wykrzykując kopę lat Nie lubię
73%
Na smyczy trzymam filozofów EuropyPodparłam armią marmurowe Piotra stropy Mam psy, sokoły, konie, kocham łów szalenie A wokół same zające i jelenie Sen Katarzyny II
73%
To nie tak To nie tak To nie takNie użalaj się nad nami tyś poeta Myśmy raju znieść nie mogli Tu nasz żywioł tu nasz dom Tu nie wejdą ludzie podli Tutaj żaden nas nie zdziesiątkuje grom Epitafium dla Wysockiego
60%
W karczmie z widokiem na GolgotęMożesz się dzisiaj napić z łotrem Leje się wino krwawe, złote Stoły i pyski świecą mokre Kara Barabasza
60%
A taka w niej powagaDawno zaschniętej krwi Że czuję jak wymaga I każe rosnąć mi Zbroja
60%
W pełnym słońcu w środku lataWśród łagodnych fal zieleni Wre zapamiętała praca Stawiam łódź na suchej ziemi Arka Noego
53%
A cóż to za historia nowa?Zdumiona pyta Europa Jak to? To chłopcy Mołotowa I sojusznicy Ribentroppa Ballada wrześniowa
47%
Nalej ojcu, gardło spłuczUcz się na Polską ucz Dobre rady pana ojca
47%
Patrzę na świat z nawykuWięc to nie od narkotyków Mam czerwone oczy doświadczalnych królików Wstałem właśnie od stołu Więc to nie z mozołu Mam zaciśnięte wargi zgłodniałych Mongołów Autoportret Witkacego
40%
Dziś bal na zamku królowej BonyWytruto myszy zwieszono lampiony I opłacono śpiewaków Stańczyk
40%
Tak kształt materii dążył z myśli prądemGdy z nieba w morza poszły deszczu strugi Stworzenie świata
13%
Nie znaleziono quizów pasujących do podanych kryteriów
Rozkład punktacji
Procent ludzi z każdym wynikiem
Percentyl według liczby udzielonych odpowiedzi
Twoja historia wyników
Nie rozwiązałeś tego quizu